State Making in Asia : (Record no. 615642)

MARC details
000 -LEADER
fixed length control field 00500nam a2200193 a 4500
008 - FIXED-LENGTH DATA ELEMENTS--GENERAL INFORMATION
fixed length control field 260225s2006##################000#0#eng##
020 ## - INTERNATIONAL STANDARD BOOK NUMBER
ISBN 9780415346115
082 04 - DEWEY DECIMAL CLASSIFICATION NUMBER
Classification number 321.0095
Item number BOY
100 1# - MAIN ENTRY--AUTHOR NAME
Personal name Boyd, Richard,
245 10 - TITLE STATEMENT
Title State Making in Asia :
260 ## - PUBLICATION, DISTRIBUTION, ETC. (IMPRINT)
Name of publisher Psychology Press,
Year of publication 2006.
300 ## - PHYSICAL DESCRIPTION
Number of Pages 204 pages
650 #0 - SUBJECT ADDED ENTRY--TOPICAL TERM
Topical Term Political Science.
942 ## - ADDED ENTRY ELEMENTS (KOHA)
Koha item type English Books

No items available.

Find us on the map